| Tag |
First Indicator |
Second Indicator |
Subfields |
| LEADER |
00000cam a2200000 a 4500 |
| 001 |
in00000075107 |
| 005 |
20151008060312.0 |
| 008 |
810819s1980 paua b 10100 eng |
| 010 |
|
|
|a 80066077
|
| 035 |
|
|
|a (OCoLC)07350849
|
| 035 |
|
|
|9 AAJ5507AM
|
| 039 |
0 |
|
|a 2
|b 3
|c 3
|d 3
|e 3
|
| 040 |
|
|
|a DLC
|c DLC
|d TXA
|d UtOrBLW
|
| 049 |
|
|
|a TXAM
|c [1196436]
|
| 050 |
0 |
0 |
|a TJ280.7
|b .G4493
|
| 082 |
0 |
|
|a 621.44
|2 19
|
| 245 |
0 |
0 |
|a Geothermal scaling and corrosion :
|b symposia presented at New Orleans, La., 19-20 Feb. 1979, and Honolulu, Hawaii, 4-5 April 1979 /
|c L.A. Casper and T.R. Pinchback, editors.
|
| 264 |
|
1 |
|a Philadephia, Pa. (1916 Race St., Philadelphia 19103) :
|b American Society for Testing and Materials,
|c [1980]
|
| 264 |
|
4 |
|c ©1980
|
| 300 |
|
|
|a 262 pages :
|b illustrations ;
|c 24 cm.
|
| 336 |
|
|
|a text
|b txt
|2 rdacontent
|
| 337 |
|
|
|a unmediated
|b n
|2 rdamedia
|
| 338 |
|
|
|a volume
|b nc
|2 rdacarrier
|
| 490 |
1 |
|
|a ASTM special technical publication ;
|v 717
|
| 504 |
|
|
|a Includes bibliographical references and index.
|
| 650 |
|
0 |
|a Geothermal engineering
|v Congresses.
|
| 650 |
|
0 |
|a Corrosion and anti-corrosives
|v Congresses.
|
| 650 |
|
0 |
|a Incrustations
|x Congresses.
|
| 700 |
1 |
|
|a Casper, L. A.
|
| 700 |
1 |
|
|a Pinchback, T. R.
|
| 830 |
|
0 |
|a ASTM special technical publication ;
|v 717.
|
| 999 |
|
|
|a MARS
|
| 999 |
f |
f |
|s 834fdf98-2119-30c7-a2d5-a85070243ef1
|i bf9bec32-a7fb-3b8b-8323-e3b62bc05463
|t 0
|
| 952 |
f |
f |
|p ric
|a Texas A&M University
|b Rellis Campus
|c Joint Library Facility
|d Remote Storage
|t 0
|e TJ280.7 .G4493
|h Library of Congress classification
|i unmediated -- volume
|m A14806249502
|
| 998 |
f |
f |
|a TJ280.7 .G4493
|t 0
|l Remote Storage
|